Labour force statistics 1986-2006

Na minha lista:
Detalhes bibliográficos
Formato: Livro
Idioma:inglês
francês
Publicado em: Paris OECD 2008
Assuntos:
Tags: Adicionar Tag
Sem tags, seja o primeiro a adicionar uma tag!

MARC

LEADER 00000nam a2200000 4500
001 0082915
005 20240104120813.6
020 |a 978-92-64-03553-9 
041 0 |a eng 
041 0 |a fre 
044 |a FR 
245 1 0 |a Labour force statistics 1986-2006 
264 1 |a Paris  |b OECD  |c 2008 
300 |a vii, 473 s. 
610 2 0 |a štatistika síl pracovných 
610 2 0 |a údaje štatistické 
610 2 0 |a sily pracovné 
610 2 0 |a populácia 
610 2 0 |a zamestnanosť 
610 2 0 |a vek produktívny 
610 2 0 |a nezamestnanosť 
610 2 0 |a porovnanie štatistické medzinárodné